Carta apostólica Salvifici Doloris a los obispos, sacerdotes, familias religiosas y fieles de la Iglesia Católica sobre el sentido cristiano del sufrimiento humano

Gespeichert in:
Bibliographische Detailangaben
1. Verfasser: Juan Pablo II (VerfasserIn)
Format: Buch
Sprache:Spanisch
Veröffentlicht: Santiago Salesiana 1987
Ausgabe:1a. ed
Schlagworte:
Tags: Tag hinzufügen
Keine Tags, Fügen Sie den ersten Tag hinzu!

MARC

LEADER 00000cam a2200000 a 4500
001 UCE9451
003 CL-VaPUC
008 151022e19870000cl |||||||||||||||||spa|d
082 0 4 |a 262.91  |b JUA  |2 21 
100 |a Juan Pablo II  |e author  |9 309920 
245 1 0 |a Carta apostólica Salvifici Doloris a los obispos, sacerdotes, familias religiosas y fieles de la Iglesia Católica sobre el sentido cristiano del sufrimiento humano 
250 |a 1a. ed 
300 |a 74 p 
942 |c BK 
945 |d 20151022 17:18:00  |a dcastane 
260 |a Santiago  |b Salesiana  |c 1987 
650 0 |a Encíclicas  |9 255643 
650 0 |a Encíclicas papales  |9 314532 
650 0 |a Documentos pontificios   |9 255642 
583 |a last modification  |c 20151022 17:18:00  |k Rodrigo Vera 
999 |c 361115  |d 361113 
952 |0 0  |1 0  |3 erb  |4 0  |6 262_910000000000000_JUA_1987  |7 0  |8 A  |9 471447  |a BIBTEO  |b BIBTEO  |i 5244447  |o 262.91 JUA 1987  |p 5244447  |r 2025-01-17  |w 2019-11-24  |y BK  |z Catalogado en:20151022  |k ICR